Estudio Matemático de las Colas / (Record no. 8047)

000 -CABECERA
fixed length control field 00907nam a22002417a 4500
003 - IDENTIFICADOR DEL NÚMERO DE CONTROL
control field AR-CdUCM
008 - DATOS DE LONGITUD FIJA--INFORMACIÓN GENERAL
fixed length control field 190322b ||||| |||| 00| 0 spa d
040 ## - FUENTE DE LA CATALOGACIÓN
Agencia/entidad que catalogó originalmente la obra MUNICIPALIDAD PROVINCIAL DEL CUSCO
Entidad que transcribió la catalogación BIBLIOTECA MUNICIPAL DEL CUSCO
082 ## - NÚMERO DE LA CLASIFICACIÓN DECIMAL DEWEY
No. de Clasificación 510 /
Notacion interna C86
100 ## - ENTRADA PRINCIPAL--NOMBRE DE PERSONA
Nombre Personal Cox, D. R.
245 ## - MENCIÓN DE TÍTULO
Título Estudio Matemático de las Colas /
260 ## - PUBLICACIÓN, DISTRIBUCIÓN, ETC.
Lugar de publicación, distribución, etc. México :
Nombre de la editorial, distribuidor, etc. Hispano Americana ;
Fecha de publicación, distribución, etc. 1964.
300 ## - DESCRIPCIÓN FÍSICA
Nº de Páginas Extensión 218 páginas ;
Otros detalles físicos Fórmulas, diagramas
Dimensiones 17cm
440 ## - MENCIÓN DE SERIE/PUNTO DE ACCESO ADICIONAL--TÍTULO
Título Colección Manuales Uteha
Número de la parte/sección de una obra 180/180a
9 (RLIN) 22742
505 ## - NOTA DE CONTENIDO CON FORMATO
Nota de contenido formateada Contenido: La disciplina de cola -- Medición de la congestión -- Equilibrio estadístico -- Teoría de no equilibrio -- Colas con varias estaciones de servicio...
650 ## - PUNTO DE ACCESO ADICIONAL DE MATERIA--TÉRMINO DE MATERIA
Descriptor Colas
9 (RLIN) 22743
650 ## - PUNTO DE ACCESO ADICIONAL DE MATERIA--TÉRMINO DE MATERIA
Descriptor Equilibrio
9 (RLIN) 20316
650 ## - PUNTO DE ACCESO ADICIONAL DE MATERIA--TÉRMINO DE MATERIA
Descriptor Matemática
9 (RLIN) 21292
700 ## - PUNTO DE ACCESO ADICIONAL--NOMBRE DE PERSONA
Nombre Personal Garza, Tomas S. (traducción)
9 (RLIN) 22744
942 ## - ELEMENTOS DE PUNTO DE ACCESO ADICIONAL (KOHA)
Fuente de clasificación
Tipo de item Libros-BMC
945 ## - PROCESAMIENTO DE INFORMACIÓN LOCAL (OCLC)
Catalogador nom
Holdings
Estado de retiro (separado) Fuente de clasificación o esquema de estanterías Estado dañado Ubicación Sala donde se ubica Nombre de la colección Fecha de adquisición o compra Costo, precio normal en soles Signatura topográfica Código de Barras Última vez visto (Koha) Tipo de ítem (Koha)
No     Sala Ciencias Sala Ciencias Book Cart 2019-03-22 30.00 510 / C86 SC0000000927 2019-03-22 Libros-BMC
No     Sala Ciencias Sala Ciencias Book Cart 2019-03-22 30.00 510 / C86 / e.2 SC0000000928 2019-03-22 Libros-BMC

Powered by Koha